Search the Library Catalogue
| 000 -LEADER | |
|---|---|
| fixed length control field | 00671nam a2200169Ia 4500 |
| 008 - FIXED-LENGTH DATA ELEMENTS--GENERAL INFORMATION | |
| fixed length control field | 250718s9999 xx 000 0 und d |
| 020 ## - INTERNATIONAL STANDARD BOOK NUMBER | |
| ISBN | 9781905172610 |
| 082 ## - DEWEY DECIMAL CLASSIFICATION NUMBER | |
| Classification number | 941.60824 |
| Item number | DEB |
| 100 ## - MAIN ENTRY--AUTHOR NAME | |
| Personal name | Bréadún, Deaglán De |
| 245 #4 - TITLE STATEMENT | |
| Title | The Far Side of Revenge |
| 260 ## - PUBLICATION, DISTRIBUTION, ETC. (IMPRINT) | |
| Year of publication | 2008 |
| 300 ## - PHYSICAL DESCRIPTION | |
| Number of Pages | 468 pages |
| 500 ## - GENERAL NOTE | |
| General note | The world looked on with astonishment as the bitter, bloody conflict in Northern Ireland came to an end. This [book] encompasses the historic power-sharing agreement of 2007 between Sinn Féin, politicla wingo of the IRA, and Ian Paisley's Democratic Unionist Party. --back cover. |
| 650 ## - SUBJECT ADDED ENTRY--TOPICAL TERM | |
| Topical Term | History |
| 942 ## - ADDED ENTRY ELEMENTS (KOHA) | |
| Koha item type | English Books |
| Withdrawn status | Lost status | Damaged status | Not for loan | Home library | Current library | Shelving location | Date acquired | Full call number | Accession Number | Price effective from | Koha item type |
|---|---|---|---|---|---|---|---|---|---|---|---|
| Anna Centenary Library | Anna Centenary Library | 7TH FLOOR, B WING | 18.07.2025 | 941.60824 DEB | 435760 | 18.07.2025 | English Books |